000 01200nam a22002417a 4500
003 AR-Ro UNCS
005 20260203154154.0
008 230530s1991 ag gr 000 f spa
015 _aAR-1991
020 _a950-047-0179-7
040 _aAR-BaBN
_bspa
_cAR-RoUNCS
_eaacr
080 1 _a82-32(82)
_22016
100 1 _aBioy Casares, Adolfo,
_d1914-1999
_eautor
_4aut
245 1 3 _aLa invención de Morel /
_cAdolfo Bioy Casares.
250 _a20a reimp.
260 _aBuenos Aires :
_bEmecé,
_c1991.
300 _a155 p. ;
_c20 cm.
490 0 _aEscritores argentinos.
520 3 _aUn fugitivo, acosado por la justicia, llega en un bote de remos a una isla desierta sobre la que se alzan algunas cosntrucciones abandonadas. Pero un día, aquel hombre solitario siente que ya no lo es. En la isal han apàrecido otros seres humanos. Los observa, los espía, sigue sus pasos, procura sorprender sus conversaciones. Y aquí arranca el misterio, la continua alternativa entre la alusinación y la realidad que conduce poco a poco al fugitivo haasta el estupendo esclarecimiento de todos los enigmas.
650 7 _2embne
_aLiteratura argentina
655 7 _aNovelas cortas
_2embne
942 _2udc
_cLPD
_n0
999 _c869
_d869